Biblioteca

Historia panorámica de la interpretación judía de Cantares (Registro nro. 51233)

Detalles MARC
000 -LÍDER
Campo fijo de descripción fija 01250cab a22002414i 4500
001 - NÚMERO DE CONTROL
Campo de control 768714001
003 - IDENTIFICADOR DEL NÚMERO DE CONTROL
Campo de control CO-MdFUSB
005 - FECHA Y HORA DE LA ULTIMA TRANSACCIÓN
control field 20230112114037.0
008 - ELEMENTOS DE LONGITUD FIJA -- INFORMACIÓN GENERAL
Campo fijo de descripción fija -- Información general 161109s2000 gt ||||| |||| 00| 0 spa d
022 ## - NÚMERO INTERNACIONAL NORMALIZADO PARA PUBLICACIONES SERIADAS
Número Internacional Normalizado para Publicaciones Seriadas 1014-9341
040 ## - FUENTE DE CATALOGACIÓN
Agencia Catalogadora CO-MdFUSB
Idioma de catalogación spa
Agencia que realiza la transcripción CO-MdFUSB
Agencia que realiza la modificación CO-MdFUSB
041 ## - CÓDIGO DE IDIOMA
Código de idioma para texto/pista de sonido o título separado spa
100 1# - ASIENTO PRINCIPAL--NOMBRE PERSONAL
Nombre personal Morales, Nelson
Término relacionador autor
245 00 - TÍTULO
Título Historia panorámica de la interpretación judía de Cantares
Mención de responsabilidad / Lic. Nelson Morales
300 ## - DESCRIPCIÓN FÍSICA
Extensión Número 26 (Enero - Junio, 2000) , páginas 41-58
Dimensiones ; 22 cm
520 ## - NOTA DE RESUMEN, ETC.
Nota de sumario, etc. No se sabe casi nada de la interpretación judía precristiana de Cantares. En las primeras etapas conocidas predominan las interpretaciones alegórico-históricas. Estas animan al pueblo judío oprimido hallando en el Cantar la historia de la salvación de Israel, una fuerte esperanza mesiánica e incentivos para guardar la ley. Desde mediados del siglo XVIII surgen interpretaciones literales, y las alegóricas luego quedan relegadas al uso litúrgico del libro.
546 ## - NOTA DE IDIOMA
Nota de idioma Texto en Español
650 #0 - ASIENTO SECUNDARIO DE MATERIA - TERMINO TEMÁTICO
Término temático o nombre geográfico como elemento de entrada Biblia
9 (RLIN) 16
653 ## - TÉRMINO DE INDIZACIÓN - NO CONTROLADO
Término no controlado Antiguo Testamento -- Cantares
653 ## - TÉRMINO DE INDIZACIÓN - NO CONTROLADO
Término no controlado Interpretación – Judía
773 0# - ASIENTO DE ITEM FUENTE
Título Kairós
Biblionumber 49489
Itemnumber 61197
Parte(s) relacionada(s) / Volumen., número. (mes año), páginas Número 26 (Enero - Junio, 2000), páginas 41-58
Enumeración y primera página Página 41
942 ## - TIPO DE MATERIAL (KOHA)
Tipo de Item KOHA Artículos de Revista

No hay ítems disponibles.

Biblioteca FUSBC | Teléfono: (57+4) 349 88 10 Ext. 141| WhatsApp (+57) 3005338115 
E-mail: biblioteca@unisbc.edu.co | Calle 76 87-14 Robledo Palenque, Medellín, Colombia

Con tecnología Koha